Tecnología adecuada: problemas y perspectivas/ editor Nicolas Jéquier; tr. Dante Velasco Leone. (Record no. 139002)
[ view plain ]
| 000 -CABECERA | |
|---|---|
| campo de control de longitud fija | 00581nam a2200181 a 4500 |
| 005 - FECHA Y HORA DE LA ÚLTIMA TRANSACCIÓN | |
| campo de control | 20210219160510.0 |
| 008 - ELEMENTOS DE LONGITUD FIJA--INFORMACIÓN GENERAL | |
| campo de control de longitud fija | 081109s2000 mx r 000 0 spa d |
| 020 ## - NÚMERO INTERNACIONAL NORMALIZADO PARA LIBROS | |
| Número Internacional Estándar del Libro | 9686090037 |
| 035 ## - NÚMERO DE CONTROL DEL SISTEMA | |
| Número de control de sistema | UPN01000166891 |
| 049 ## - COLECCIÓN | |
| Colección | UNE |
| 080 ## - NÚMERO DE CLASIFICACIÓN DECIMAL UNIVERSAL | |
| Número de la Clasificación Decimal Universal | 6 (-77) TEC. |
| 245 00 - MENCIÓN DE TÍTULO | |
| Título | Tecnología adecuada: problemas y perspectivas/ editor Nicolas Jéquier; tr. Dante Velasco Leone. |
| 260 ## - PUBLICACIÓN, DISTRIBUCIÓN, ETC. | |
| Lugar de publicación, distribución, etc. | México : CEESTEM, 1979. |
| 300 ## - DESCRIPCIÓN FÍSICA | |
| Extensión | 446 p.; 21 cm. fot. |
| 690 ## - PUNTO DE ACCESO ADICIONAL DE MATERIA LOCAL--TÉRMINO DE MATERIA (OCLC, RLIN) | |
| Término de materia o nombre geográfico como elemento inicial | Tecnologia- Politica de desarrollo |
| 690 ## - PUNTO DE ACCESO ADICIONAL DE MATERIA LOCAL--TÉRMINO DE MATERIA (OCLC, RLIN) | |
| Término de materia o nombre geográfico como elemento inicial | Politica cientifica- Tecnologia- Paises en desarrollo |
| 905 ## - TIPO DE MATERIAL | |
| Tipo de material | UNESCO |
No items available.
